ბათუმის შოთა რუსთაველის სახელმწიფო უნივერსიტეტის ბიბლიოთეკა

ბიოტექნოლოგია / (ბიბ.ჩანაწერი № 37536)

000 -ლიდერი
ფიქსირებული სიგრძის საკონტროლო ველი 00904nam a2200229Ia 4500
001 - საკონტროლო ნომერი
საკონტროლო ველი 3500
003 - საკონტროლო ნომრის იდენტიფიკატორი
საკონტროლო ველი GE_BSU
005 - ბოლო ოპერაციის თარიღი და დრო
საკონტროლო ველი 20190619150808.0
008 - ფიქსირებული სიგრძის მონაცემთა ელემენტები - ზოგადი ინფორმაცია
ფიქსირებული სიგრძის საკონტროლო ველი 181216s1999||||ge |||||||||||||| ||geo||
040 ## - კატალოგიზაციის წყარო
Transcribing agency GE_BSU
041 ## - ენის კოდი
Language code of text/sound track or separate title geo
080 ## - უნივერსალური ათობითი კლასიფიკაციის ინდექსი
Universal Decimal Classification number 663.1(075.8) კ–45
100 ## - მთავარი ჩანაწერი - პიროვნების სახელი
Personal name კვესიტაძე, გიორგი
9 (RLIN) 2606
245 ## - ცნობა სათაურის შესახებ
Title ბიოტექნოლოგია /
Statement of responsibility, etc რედ.: ე. კირთაძე, ა. შალაშვილი.
264 ## - წარმოების, გამოცემის, დისტრიბუციის და სხვა ცნობები
გამოცემის, წარმოების, დისტრიბუციის... ადგილი თბილისი :
გამოცემის, წარმოების, დისტრიბუციის... სახელწოდება ეტრატი,
გამოცემის, წარმოების, დისტრიბუციის... თარიღი 1999.
300 ## - ფიზიკური აღწერა
Extent 432 გვ.;
Other physical details 20 სმ.
653 ## - INDEX TERM--UNCONTROLLED
Uncontrolled term ბიოტექნოლოგია
700 ## - ADDED ENTRY--PERSONAL NAME
Personal name კვესიტაძე, ედიშერ
Relator term ავტორი
9 (RLIN) 2607
700 ## - ADDED ENTRY--PERSONAL NAME
Personal name კირთაძე, ე.
Relator term რედაქტორი
9 (RLIN) 2608
700 ## - ADDED ENTRY--PERSONAL NAME
Personal name შალაშვილი, ა.
Relator term რედაქტორი
9 (RLIN) 2609
942 ## - ADDED ENTRY ELEMENTS (KOHA)
Koha item type წიგნი
Source of classification or shelving scheme
ეგზემპლარები
ჩამოწერის სტატუსი დაკარგული ეგზემპლარის სტატუსი კლასიფიკაციის წყარო ან თაროზე გაწყობის სქემა დაზიანების სტატუსი არ გაიცემა მუდმივი მდებარეობა (დაცვის ადგილი) ამჟამინდელი ადგილსამყოფელი თაროზე განთავსების ადგილი შეძენის თარიღი სრული შენახვის შიფრი შტრიხკოდი ბოლო ოპერაციის თარიღი ეგზემპლარის მიმდევრობითი ნომერი (კეტერი?) ფასის ძალაში შესვლის თარიღი ეგზემპლარის სახეობა საჯარო შენიშვნა
          ბათუმის შოთა რუსთაველის სახელმწიფო უნივერსიტეტის მთავარი ბიბლიოთეკა ბათუმის შოთა რუსთაველის სახელმწიფო უნივერსიტეტის მთავარი ბიბლიოთეკა წიგნსაცავი 2018-12-17 663.1(075.8) კ–45 5005 2018-12-17 5005 2018-12-17 წიგნი